University Home | Library Home | Institutional Repository

Notas sobre a lingua "Chinsenga" (Dicionario e gramatica comparade com a lingua chinyungue) : (Record no. 83618)

MARC details
000 -LEADER
fixed length control field 00690cam3a220021700 4500
001 - CONTROL NUMBER
control field tmp15829610
003 - CONTROL NUMBER IDENTIFIER
control field UPRA
005 - DATE AND TIME OF LATEST TRANSACTION
control field 20190816094838.0
008 - FIXED-LENGTH DATA ELEMENTS--GENERAL INFORMATION
fixed length control field 951104s1934 po und u
035 ## - SYSTEM CONTROL NUMBER
System control number (Sirsi) r47379
035 ## - SYSTEM CONTROL NUMBER
System control number (UPRA)tmp15829610
040 ## - CATALOGING SOURCE
Transcribing agency UPRA
100 2# - MAIN ENTRY--PERSONAL NAME
Personal name Alves da Cruz, A.
Linkage A5440.1
245 10 - TITLE STATEMENT
Title Notas sobre a lingua "Chinsenga" (Dicionario e gramatica comparade com a lingua chinyungue) :
Remainder of title separata da revista "Broteria", v. XIX, fasc 6, Dezembro de 1934.
260 ## - PUBLICATION, DISTRIBUTION, ETC.
Place of publication, distribution, etc. Lisboa,
Date of publication, distribution, etc. 1934.
650 #0 - SUBJECT ADDED ENTRY--TOPICAL TERM
Topical term or geographic name entry element Senga language.
Linkage S3904.1
650 #0 - SUBJECT ADDED ENTRY--TOPICAL TERM
Topical term or geographic name entry element Tete language.
Linkage S3905.1
949 ## - LOCAL PROCESSING INFORMATION (OCLC)
a PL8110
w lcc
m MAIN
t BOOK
l ON-SHELF
987 ## - LOCAL ROMANIZATION/CONVERSION HISTORY (OCLC)
Romanization/conversion identifier WITHDRAWN

No items available.

© 2026 - The University of Zambia Library - Koha v25.11